Belgian football logos - Statistics

General Stats
  • This quiz has been taken 66 times
    50 since last reset
  • The average score is 24 of 30
Answer Stats
Picture Answer % Correct
Cercle Brugge
100%
Club Brugge
100%
KRC Genk
100%
RSC Anderlecht
100%
Union Saint-Gilloise
100%
KAA Gent
97%
OH Leuven
97%
Royal Antwerp
97%
Charleroi
94%
KV Kortrijk
94%
KV Mechelen
94%
Standard de Liège
94%
Beerschot VA
87%
KVC Westerlo
87%
RWD Molenbeek
87%
KAS Eupen
84%
Sint-Truiden VV
81%
Lierse SK
77%
RFC Seraing
77%
Zulte Waregem
74%
Dender EH
71%
Patro Eisden
71%
RAAL La Louvière
71%
RFC Liège
68%
SK Beveren
68%
KSC Lokeren
61%
Lommel SK
61%
Sporting Hasselt
58%
Francs Borains
55%
Olympic Charleroi
45%
No matching quizzes found
Score Distribution
Percent of People with Each Score
Percentile by Number Answered
Your Score History
You have not taken this quiz since the last reset